[Event "AUT-ch U08 Online Rapid"]
[Site "Playchess.com INT"]
[Date "2020.12.13"]
[Round "2"]
[White "Burger, Edgar"]
[Black "Schmeja, Constantin"]
[Result "0-1"]
[WhiteElo "1462"]
[BlackElo "1859"]
[PlyCount "80"]
[EventDate "2020.12.13"]
[EventType "swiss (rapid)"]
[EventRounds "7"]
[EventCountry "AUT"]
[SourceTitle "EXT 2022"]
[Source "ChessBase"]
[SourceDate "2021.10.06"]
[SourceVersion "1"]
[SourceVersionDate "2021.10.06"]
[SourceQuality "1"]

1. e4 c5 2. Nf3 e6 3. Nc3 Qc7 4. Bb5 a6 5. Bc4 b5 6. Bd3 Nf6 7. e5 Ng4 8. 0-0 Nxe5 9. Nxe5 Qxe5 10. Re1 Qg5 11. Be4 d5 12. d3 Qf6 13. Bf3 Be7 14. b3 Qxc3 15. Bd2 Qf6 16. Qe2 0-0 17. Be3 Nc6 18. Bd2 Bb7 19. a4 d4 20. axb5 axb5 21. Rxa8 Rxa8 22. Bxc6 Bxc6 23. Qg4 Bd7 24. Bg5 Qg6 25. Qe4 Qxe4 26. dxe4 Bxg5 27. g3 Bf6 28. e5 Be7 29. f4 f6 30. Rf1 Ra2 31. Rc1 c4 32. bxc4 bxc4 33. c3 Ba3 34. Rd1 d3 35. Kf1 Bc6 36. exf6 gxf6 37. Re1 Kf7 38. g4 Bg2+ 39. Kg1 Bc5+ 40. Re3 Bxe3# 0-1